01282nab a2200265 4500003001000000005001700010008004100027040001400068041000800082100011100090245008100201260003500282300001300317500034200330650002800672650002600700650001900726650002100745650002100766650003800787773010000825942005800925945001600983999001700999AR-RoBPED20260424093517.0260424b |||||||| |||| 00| 0 spa d aAR-RoBPED aspa1 aBazán, Héctor G.926584eDoctor en Geografía y máster en Investigación aplicada a la Educación1 aRedacción de preguntas para un estudio de casos en educación ambiental / aBuenos Aires :bNoveduc,c2024 a46-49 p. aEl presente trabajo ofrece aspectos conceptuales sobre la Educación Ambiental Integral y el estudio de casos, así como también comparte una experiencia didáctica para el desarrollo de aprendizajes y contenidos relacionados con al educación ambiental, llevada a cabo en un instituto de Nivel Superior de la ciudad de Córdoba.  7aEDUCACION AMBIENTAL911 0aNIVEL SUPERIOR928977 7aDIDACTICA9167 7aENSEÑANZA9342 7aAPRENDIZAJE9560 7aEXPERIENCIAS EDUCACIONALES9183390 020414941866dBuenos Aires : Noveduc, 1993-tNovedades Educativasw(AR-RoBPED)20414x03283534 2udccREVh37(05)mNov 86 N° 398 (Sept.2024)ak.32620 amar 04/2026 c32620d32620